000
00324nam a2200109Ia 4500
008
171211s9999 xx 000 0 und d
245
_a
How to Make Love All Night (and Drive Your Woman Wild)
245
_c
Barbara Keesling
260
_c
2009
650
_x
Sexuality
856
_u
http://down.ebook777.com/064/9780060926212.pdf
999
_c
350635
_d
350635